00803nam a2200205 a 4500001001000000005001700010008004100027020001500068040001800083050002000101245006700121260007500188300004200263500012000305500004200425504003200467610004600499650002400545650002800569BRCA_176020190320203534.0880906s1987 mx-a---##b---f000-0#spa-# a9682912601 aDLCcDLCdDLC 4aN331b.L68 198710aLa Lotería de la Academia Nacional de San Carlosb1841-1863. aMéxicobINBA : Lotería Nacional para la Asistencia Públicac1987 a191 p.bil. (algunas a color)c28 cm. aCatálogo de la exposición realizada en el Museo de San Carlos (Ciudad de México), diciembre 1986 - marzo 1987 aColección Sonia Corcuera de Mancera aBibliografía : p. 124-12724aAcademia Nacional de San CarlosxHistoria14aLoteríazMéxico14aArte y EstadozMéxico